[Event "Olympiad Women-42"]
[Site "Baku"]
[Date "2016.09.03"]
[Round "2.45"]
[White "Nomalungelo, Mathe"]
[Black "Rutherford, Kathleen"]
[Result "0-1"]
[WhiteElo "1574"]
[BlackElo "1643"]
[PlyCount "112"]
[EventDate "2016.09.02"]
[EventType "team-swiss"]
[EventRounds "11"]
[EventCountry "AZE"]
[SourceTitle "CBM 174 Extra"]
[Source "ChessBase"]
[SourceDate "2016.10.10"]
[SourceVersion "1"]
[SourceVersionDate "2016.10.10"]
[SourceQuality "1"]
[WhiteTeam "Zimbabwe (W)"]
[BlackTeam "Scotland (W)"]
[WhiteTeamCountry "ZIM"]
[BlackTeamCountry "SCO"]

1. d4 Nf6 2. Nf3 c5 3. Bf4 cxd4 4. Qxd4 Nc6 5. Qd1 Qb6 6. b3 g6 7. Nbd2 Bg7 8. Nc4 Qd8 9. Nce5 0-0 10. Nxc6 bxc6 11. Be5 d6 12. Bc3 Qb6 13. e3 a5 14. a4 Bb7 15. Be2 Rfd8 16. 0-0 e5 17. h3 Nd5 18. Bb2 e4 19. Nd2 Nxe3 20. fxe3 Qxe3+ 21. Kh1 Bxb2 22. Nc4 Qd4 23. Nxb2 Qxb2 24. Qd2 Qe5 25. Qe3 d5 26. Rad1 d4 27. Qf2 f5 28. Qh4 Rd7 29. Bc4+ Kg7 30. Rfe1 Ba6 31. Bxa6 Rxa6 32. Qf2 Ra8 33. Qe2 Rad8 34. Qc4 Qd5 35. Qxd5 Rxd5 36. Kg1 d3 37. cxd3 Rxd3 38. Rxd3 exd3 39. Rd1 Kf6 40. Kf2 Ke5 41. Ke3 c5 42. g3 Rd4 43. Kd2 g5 44. Re1+ Re4 45. Rc1 Kd4 46. Rc4+ Kd5 47. Kxd3 Rxc4 48. bxc4+ Ke5 49. Ke3 f4+ 50. gxf4+ gxf4+ 51. Kf3 Kd4 52. Kxf4 Kxc4 53. Ke4 Kc3 54. Ke3 c4 55. Ke2 Kb2 56. Kd2 c3+ 0-1